• 首页
  • 本馆介绍
  • 公告通知
  • 最新文献
  • 馆藏检索
  • 电子资源
  • 读者导购
  • 参考咨询
  • 我的图书馆
  • 登录
  • 详细信息显示
  • 放入我的书架
  • 预约/预借图书
  • 作者相关作品
  • 分类相关作品
  • 丛书相关作品
  • 出版社相关作品

书目信息

  • 表格格式
  • 工作单格式
  • 卡片格式
题名:
完胜美术联考
    
 
作者: 徐壮志 , 帅起 主编
分册:   素描头像
出版信息: 南京   江苏凤凰美术出版社  2021.3
页数: 143页
开本: 37cm
丛书名:
单 册:
中图分类: J21
科图分类:
主题词: 肖像画--素描技法--高等学校--入学考试--自学参考资料
电子资源:
ISBN: 978-7-5580-4844-9
000 01186nam2 2200277 45
001 012001000909
005 20130910090204.0
010    @a978-7-5580-4844-9@dCNY118.00
100    @a20210423d2021 em y0chiy0110 ea
101 0  @achi
102    @aCN@b320000
105    @aa z 000yy
106    @ar
200 1  @a完胜美术联考@Awan sheng mei shu lian kao@i素描头像@i青年篇@f徐壮志, 帅起主编
210    @a南京@c江苏凤凰美术出版社@d2021.3
215    @a143页@c图,照片@d37cm
300    @a其他题名:素描头像
330    @a本书结合当今美术高考的最新形势,由天骄学校多年一线教学的经验总结编写而成,是为美术高考学生量身打造的素描头像考前一本通。本书立足于当今高考美术素描的热点与难点,全方位解析素描头像的画法示范,从头像基础理论,到局部解析,到照片对照作品进行步骤练习,总共分六章将考前的头像素描详细解读。书中包含大量青年男女头像示范,及其同步教学视频,让读者可以清晰地参考绘画,从而轻松快速地掌握头像素描的应试方法。
517 1  @a素描头像
517 1  @a青年篇
606 0  @a肖像画@x素描技法@x高等学校@x入学考试@j自学参考资料
690    @aJ21@v5
701  0 @a徐壮志@Axu zhuang zhi@4主编
701  0 @a帅起@Ashuai qi@4主编
801    @aCN@b江苏凤凰@c20211018
905    @b1341488-91@dJ21@e1268@f4
    
    完胜美术联考.素描头像.青年篇/徐壮志, 帅起主编.-南京:江苏凤凰美术出版社,2021.3
    143页:图,照片;37cm
    其他题名:素描头像
    
    ISBN 978-7-5580-4844-9:CNY118.00
    本书结合当今美术高考的最新形势,由天骄学校多年一线教学的经验总结编写而成,是为美术高考学生量身打造的素描头像考前一本通。本书立足于当今高考美术素描的热点与难点,全方位解析素描头像的画法示范,从头像基础理论,到局部解析,到照片对照作品进行步骤练习,总共分六章将考前的头像素描详细解读。书中包含大量青年男女头像示范,及其同步教学视频,让读者可以清晰地参考绘画,从而轻松快速地掌握头像素描的应试方法。
●
相关链接 在E读中查询图书 在五车中查询图书 在当当中查询图书 在豆瓣中查询图书


正题名:完胜美术联考     索取号:J21/1268         预约/预借

序号 登录号 条形码 馆藏地/架位号 状态 备注
1 1341488   213414884   第一样本阅览室/ [索取号:J21/1268] 在馆    
2 1341489   213414893   第一借阅区/ [索取号:J21/1268] 在馆    
3 1341490   213414900   第一借阅区/ [索取号:J21/1268] 在馆    
4 1341491   213414919   第一借阅区/ [索取号:J21/1268] 在馆    
唐山师范学院图书馆 欢迎您!
大连网信软件有限公司© 版权所有